Aktuálne otázky dôchodkového systému v Slovenskej republike

Podrobná bibliografia
Hlavní autori: Rievajová, Eva, 1951- (Autor), Sika, Peter, 1975- (Autor)
Médium: Článok
Jazyk:slovenčina
Fyzický popis:Tab.
ISSN:1336-1732
Predmet:

MARC

LEADER 00000nab a2200000 a 4500
001 vtls009935998
003 SK-MaSNL
005 20260426084806.0
008 250506c2009 xo qr|p|||||||000 b|slo
015 |a SNBRA2009/07  |2 snkbucl 
035 |a (uuid)d1e845a4-e621-4f25-966b-6285d36dbadb 
035 |a urn:nbn:sk:snk-ab14tf 
035 |a (urnnbn)urn:nbn:sk:snk:ar-a04mmt 
038 |a SNKBUCL 
040 |a SNKBUCL  |b slo  |c SNKBUCL  |e AACR2 
041 0 |a slo  |b eng 
044 |a xo  |c SK 
080 |a 364.35  |x (437.6)  |2 2001 
080 |a 368.914  |x (437.6)  |2 2001 
100 1 |a Rievajová, Eva,  |d 1951-  |4 aut  |9 216101 
245 1 0 |a Aktuálne otázky dôchodkového systému v Slovenskej republike  |c Eva Rievajová, Peter Sika 
246 3 1 |a Actual issues of pension system in Slovak Republic 
300 |b Tab. 
504 |a Bibliogr. odkazy 
546 |a Súbežný názov angl. ; res. angl. 
650 0 7 |a dôchodkové poistenie  |2 snkbucl  |9 26984 
651 7 |a Slovensko  |2 snkbucl  |9 14231 
700 1 |a Sika, Peter,  |d 1975-  |4 aut  |9 216084 
773 0 |t Nová ekonomika = The New Economy  |g Roč. II., č. 2 (2009), s. 57-63  |x 1336-1732 
850 |a Slovenská národná knižnica 
852 |a Slovenská národná knižnica 
954 |a odborná, vedecká literatúra pôvodná (slovenská)  |2 lita 
958 |a article2022 
958 |a NB 
958 |a SK 
958 |a OND 
958 |a EUIPO 
999 |c 2944923  |d 2946853